Building people, through a caring, sharing fellowship. (Record no. 13157)

000 -LEADER
fixed length control field 00871nam a2200241 a 4500
001 - CONTROL NUMBER
control field :::00010975$&:&@@
003 - CONTROL NUMBER IDENTIFIER
control field OkBaRHE
005 - DATE AND TIME OF LATEST TRANSACTION
control field 20000607103404.0
008 - FIXED-LENGTH DATA ELEMENTS--GENERAL INFORMATION
fixed length control field s1978 j 000 0 eng u
020 ## - INTERNATIONAL STANDARD BOOK NUMBER
International Standard Book Number 0842301852
040 ## - CATALOGING SOURCE
Transcribing agency
100 1# - MAIN ENTRY--PERSONAL NAME
Personal name Bubna, Donald L. and Ricketts, Sarah M.
245 10 - TITLE STATEMENT
Title Building people, through a caring, sharing fellowship.
260 ## - PUBLICATION, DISTRIBUTION, ETC. (IMPRINT)
Place of publication, distribution, etc Wheaton, IL., :
Name of publisher, distributor, etc Tyndale House Publishers
Date of publication, distribution, etc c1978
300 ## - PHYSICAL DESCRIPTION
Extent 153 p. ;
Dimensions 21 cm.
650 ## - SUBJECT ADDED ENTRY--TOPICAL TERM
Topical term or geographic name as entry element Brotherliness
650 ## - SUBJECT ADDED ENTRY--TOPICAL TERM
Topical term or geographic name as entry element Fellowship
General subdivision Religious Aspects
-- Christianity
650 ## - SUBJECT ADDED ENTRY--TOPICAL TERM
Topical term or geographic name as entry element Pastoral Theology
700 ## - ADDED ENTRY--PERSONAL NAME
Personal name Ricketts, Sarah M., Joint author.
942 ## - ADDED ENTRY ELEMENTS (KOHA)
Source of classification or shelving scheme
Koha item type Books
Copies
Lost status Source of classification or shelving scheme Damaged status Shelving location Full call number Barcode Not for loan Withdrawn status Permanent Location Date last seen Koha item type Copy number Price effective from Date acquired
   General StacksBV 4517.5 .B8210975  RHEMA Bible Training College2010-04-14Books12010-04-142010-04-14
   General StacksBV 4517.5 .B8215247  RHEMA Bible Training College2010-04-14Books22010-04-142010-04-14